• 首页
  • 本馆介绍
  • 公告通知
  • 最新文献
  • 馆藏检索
  • 电子资源
  • 读者导购
  • 参考咨询
  • 我的图书馆
  • 登录
  • 详细信息显示
  • 放入我的书架
  • 预约/预借图书
  • 作者相关作品
  • 分类相关作品
  • 丛书相关作品
  • 出版社相关作品

书目信息

  • 表格格式
  • 工作单格式
  • 卡片格式
题名:
半导体激光器能带结构和光增益的量子理论
    
 
作者: 郭长志 编著
分册: 下册  
出版信息: 北京   科学出版社  2016.03
页数: 482-880页
开本: 25cm
丛书名: 半导体激光器设计理论
单 册:
中图分类: TN248.4
科图分类:
主题词: 半导体激光器--能带结构--量子论 , 半导体激光器--激光--增益--量子论
电子资源:
ISBN: 978-7-03-047380-6
000 01450oam2 2200289 450
001 0120161814194
005 20170502093147.85
010    @a978-7-03-047380-6@b精装@dCNY168.00
100    @a20160418d2016 em y0chiy50 ea
101 0  @achi
102    @aCN@b110000
105    @aa z 001yy
106    @ar
200 1  @a半导体激光器能带结构和光增益的量子理论@9ban dao ti ji guang qi neng dai jie gou he guang zeng yi de liang zi li lun@h下册@f郭长志编著
210    @a北京@c科学出版社@d2016.03
215    @a482-880页@c图@d25cm
225 2  @a半导体激光器设计理论@v3
300    @a国家科学技术学术著作出版基金资助出版
330    @a本书讨论了达到设计所需精度的量子阱、量子线、和量子点的电子能带和能级的量子理论和设计计算,带间和子带间光跃迁几率和光增益的半径典量子理论和设计,应变效应及其对各维能带结构的影响、温度效应T0问题的物理机制,特别是俄歇复合的量子理论及其克服方案和设计,量子阱间耦合、载流子落入和逃逸时间的理论和设计。子带间量子级联激光器的理论和设计,其真正优点和局限性。扼要介绍全量子理论的量子光学和自发发射等理论问题。
333    @a半导体激光物理和器件、半导体光电子学物理和器件或光子学物理和器件的研究生、科技人员、设计人员和教师、以及高年级本科生
461  0 @12001 @a半导体激光器设计理论@v3
606 0  @a半导体激光器@x能带结构@x量子论
606 0  @a半导体激光器@x激光@x增益@x量子论
690    @aTN248.4@v5
701  0 @a郭长志@9guo chang zhi@4编著
801  0 @aCN@b人天书店@c20160418
905    @b988880-82@dTN248.4@e112:2@f3
    
    半导体激光器能带结构和光增益的量子理论.下册/郭长志编著.-北京:科学出版社,2016.03
    482-880页:图;25cm.-(半导体激光器设计理论;3)
    国家科学技术学术著作出版基金资助出版.-使用对象:半导体激光物理和器件、半导体光电子学物理和器件或光子学物理和器件的研究生、科技人员、设计人员和教师、以及高年级本科生
    
    ISBN 978-7-03-047380-6(精装):CNY168.00
    本书讨论了达到设计所需精度的量子阱、量子线、和量子点的电子能带和能级的量子理论和设计计算,带间和子带间光跃迁几率和光增益的半径典量子理论和设计,应变效应及其对各维能带结构的影响、温度效应T0问题的物理机制,特别是俄歇复合的量子理论及其克服方案和设计,量子阱间耦合、载流子落入和逃逸时间的理论和设计。子带间量子级联激光器的理论和设计,其真正优点和局限性。扼要介绍全量子理论的量子光学和自发发射等理论问题。
●
相关链接 在E读中查询图书 在五车中查询图书 在当当中查询图书 在豆瓣中查询图书


正题名:半导体激光器能带结构和光增益的量子理论     索取号:TN248.4/112:2         预约/预借

序号 登录号 条形码 馆藏地/架位号 状态 备注
1 988880   209888807   第二样本阅览室/ [索取号:TN248.4/112:2] 在馆    
2 988881   209888816   第三借阅区/ [索取号:TN248.4/112:2] 在馆    
3 988882   209888825   密集书库-物理学院/ [索取号:TN248.4/112:2] 在馆    
唐山师范学院图书馆 欢迎您!
大连网信软件有限公司© 版权所有